Dc Comics Superheroes - Statistics

General Stats
  • This quiz has been taken 718 times
  • The average score is 20 of 23
Answer Stats
Hint Answer % Correct
Dark Knight. Caped Crusader. World’s Greatest Detective. Bruce Wayne Batman
99%
Look! Up in the sky! It’s a bird! It’s a plane! It’s…Well, you know who he is, don’t you? Clark Kent Superman
99%
Princess Diana of the immortal Amazons from Greek mythology. Diana Prince Wonder Woman
98%
The king of all things aqua. He can breathe underwater, swim at tremendous speeds, and telepathically communicate with sea life. Arthur Curry Aquaman
97%
The Scarlett speedster. Able to run at light speeds Barry Allen Flash
97%
He can create whatever he wish out of pure energy, limited only by his imagination and will. Hal Jordan Green Lantern
97%
Batman's sidekick Dick Grayson Robin
97%
Bruce Wayne's loyal butler -- Alfred
96%
Just by saying one word, this kid is transformed into a magical flying adult superhero Billy Baston Shazam
96%
Whenever this cat crosses your path, she's equally likely to steal your heart as well as your wallet. Selina Kyle Catwoman
95%
As the most powerful teenager on the planet, the Girl of Steel possesses all of Superman’s powers Kara Zor-El Super Girl
95%
With a Utility Belt filled with Batarangs and her own Batcycle to speed her across the city Barbara Gordon Batgirl
94%
He is a literal marriage of technology and man. Half human, half machine Vic Stone Cyborg
93%
A modern-day Robin Hood, he constantly fights for the little guy as a crusading symbol for revolution. Oliver Queen Green Arrow
93%
With his wings and his trusty mace, he patrols the skies with a savage intensity. Carter Hall Hawkman
91%
Creating a specialized, size-changing belt that houses a lens filled with star matter, He has the ability to shrink his size down to subatomic levels. Ray Palmer Atom
90%
Go ahead. Scream as loud as you can. Your loudest and most strenuous efforts won't come close to matching the pitch and ferocity of this heroine. Dinah Lance Black Canary
86%
A former police officer and family man on his home planet of Mars. this near-immortal is still troubled by that which destroyed his world—fire. -- Martian Manhunter
84%
The daughter of the interdimensional demon Trigon. Sheis extremely powerful, gifted with magical, psychic and telekinetic powers as well as the ability to manipulate energy, emotion and shadows. -- Raven
82%
They’re bonded and utilizing the power of the Matrix, They can fly, absorb radiation, and fire highly destructive blasts of energy from his hands. Ronnie Raymond Firestorm
73%
Intelligent, confident, self-assured and able to manipulate reality itself with her vast magical abilities -- Zatanna
68%
He stole a power suit and journeyed to the past and used his powers and his knowledge of our future to mold himself into a super hero. Michael Jon Carter Booster Gold
54%
He has vowed mastery over the occult and the demonic creatures that seek to abuse its power. -- Constantine
51%
No matching quizzes found
Score Distribution
Percent of People with Each Score
Percentile by Number Answered
Your Score History
You have not taken this quiz